[Event "EU-ch 13th"]
[Site "Plovdiv"]
[Date "2012.03.24"]
[Round "5"]
[White "Kulaots, Kaido"]
[Black "Jakovenko, Dmitrij"]
[Result "1/2-1/2"]
[WhiteElo "2585"]
[BlackElo "2729"]
[Annotator "Krasenkow,M"]
[PlyCount "81"]
[EventDate "2012.03.20"]
[EventType "swiss"]
[EventRounds "11"]
[EventCountry "BUL"]
[SourceTitle "CBM 148"]
[Source "ChessBase"]
[SourceDate "2012.05.16"]
[SourceVersion "1"]
[SourceVersionDate "2012.05.16"]
[SourceQuality "1"]

1. c4 c6 2. Nf3 d5 3. e3 Nf6 4. Nc3 e6 5. d4 Nbd7 6. Qc2 Bd6 7. Bd3 O-O 8. O-O
dxc4 9. Bxc4 b5 10. Be2 Bb7 11. e4 e5 12. dxe5 Nxe5 13. Nh4 $5 {Levon
Aronian's recent idea.} b4 (13... Bc8 $5 {preventing Nh4-f5} 14. g3 (14. h3 $5
{[%cal Yf2f4] looks more to the point}) 14... Re8 15. Bf4 Qb6 16. Be3 Qc7 17.
Rac1 a6 $13 18. Nd5 $6 cxd5 19. Qxc7 Bxc7 20. Rxc7 dxe4 21. Bd4 Bh3 22. Rfc1
Rad8 $17 {1/2 Nedilko,V (2392)-Miron,L (2518)/Plovdiv BUL 2012/The Week in
Chess 907 (42)}) 14. Nf5 $1 {The point of White's idea. White sacrifices a
piece but will soon recover it with a positional benefit.} bxc3 15. Rd1 Ne8 16.
Qxc3 Qf6 17. f4 Bc7 18. fxe5 Qxe5 (18... Bxe5 $2 19. Qb4 $1 Rb8 20. Ne7+ Kh8
21. Nxc6 Nc7 22. Nxb8 Rxb8 23. Be3 Qh4 24. h3 $16 {1/2 Beinoras,M (2353)
-Vedrickas,T (2318)/Vilnius LTU 2012/The Week in Chess 911 (44)}) 19. Qxe5 Bxe5
20. Rd7 {Probably a bit premature.} (20. Be3 $5 $14) 20... Bc8 21. Rd3 (21.
Ne7+ Kh8 22. Rd3 (22. Nxc8 Nf6 $1 $132) 22... Ba6 $1 23. Re3 Bb7 24. Rb3 Nd6
25. Nf5 Nxf5 26. exf5 Bc8 27. g4 g6 28. Bf3 gxf5 29. Bxc6 Be6 30. Bxa8 Bxb3 31.
axb3 Rxa8 32. gxf5 Rb8 33. Kg2 Rxb3 34. Rxa7 Kg7 35. Ra3 Rb5 36. Ra6 h5 37. Rc6
{1/2 Aronian,L (2807)-Shirov,A (2713)/Berlin GER 2012/The Week in Chess 900}) {
The text move is less dangerous for Black.} 21... Bxf5 $1 {The simplest.
Black's active pieces (especially Be5) will compensate for White's bishop pair.
} (21... Ba6 {was now less effective due to} 22. Re3 Bb5 (22... Bb7 $2 23. Rb3)
(22... Bxe2 23. Ne7+ Kh8 24. Rxe2 {[%csl Rc6]}) 23. a4 $1 Bxe2 24. Ne7+ Kh8 25.
Rxe2 $16 {[%csl Rc6]}) 22. exf5 Nd6 23. Bf3 $6 {After this move the initiative
passes to Black.} (23. f6 $5 gxf6 (23... g6 $5 24. Bf3) 24. Bf3 $44 {may be a
better try.}) 23... Nxf5 24. Bxc6 Rab8 25. Rd5 f6 26. Bd7 (26. Ba4 Rb4 27. Bb3
Nd4 $36) 26... Nd4 27. Bg4 Nc2 28. Rb1 Na3 29. Ra1 Nc2 30. Rb1 Rfe8 31. Bd2
Rxb2 (31... Bxb2 32. Kf1 Na3 33. Re1 Be5 {may give Black some winning chances.
After the exchange of rooks White equalises quite easily.}) 32. Rxb2 Bxb2 33.
Bd7 Re5 34. Rxe5 Bxe5 35. Ba4 Nd4 36. Be3 Kf8 37. Bxd4 Bxd4+ 38. Kf1 Ke7 39.
Ke2 Bb6 40. Kf3 Kd6 41. Ke4 1/2-1/2

[Event "EU-ch 16th"]
[Site "Jerusalem"]
[Date "2015.02.27"]
[Round "4"]
[White "Bacrot, Etienne"]
[Black "Ter Sahakyan, Samvel"]
[Result "1-0"]
[WhiteElo "2711"]
[BlackElo "2580"]
[Annotator "Krasenkow,M"]
[PlyCount "73"]
[EventDate "2015.02.24"]
[EventType "swiss"]
[EventRounds "11"]
[EventCountry "ISR"]
[SourceTitle "CBM 166"]
[Source "ChessBase"]
[SourceDate "2015.05.11"]
[SourceVersion "1"]
[SourceVersionDate "2015.05.11"]
[SourceQuality "1"]

1. d4 d5 2. c4 c6 3. Nc3 Nf6 4. e3 e6 5. Nf3 Nbd7 6. Qc2 Bd6 7. Bd3 O-O 8. O-O
dxc4 9. Bxc4 b5 10. Bd3 Bb7 11. a3 Rc8 12. b4 c5 $1 {The idea of Rustam
Kasimdzhanov from his game against Veselin Topalov (London 2012).} 13. bxc5 (
13. Nxb5 cxd4 $1) 13... Bxf3 14. cxd6 ({In the event of} 14. gxf3 Nxc5 15. dxc5
Rxc5 {White can't keep his material advantage as Black is threatening both 16..
.Nd5 attacking the c3 knight and 16...Bxh2+with a perpetual. For example,} 16.
f4 (16. Bb2 Bxh2+ 17. Kxh2 Rh5+ 18. Kg2 Rg5+ 19. Kh1 Rh5+ 20. Kg2 Rg5+ 21. Kh1
{1/2 (21) Bulski,K (2534)-Nyback,T (2599) Germany 2014}) 16... Nd5 17. Bb2 Nxc3
18. Bxc3 Qc7 19. Rfc1 Rc8 20. Bb4 (20. Bxh7+ Kh8 21. Bd3 Rxc3 22. Qxc3 Qxc3 23.
Rxc3 Rxc3 24. Bxb5 Bxa3 $11 {1/2 (37) Topalov,V (2752)-Kasimdzhanov,R (2684)
London 2012}) 20... Rxc2 21. Rxc2 Qxc2 22. Bxc2 Bxb4 23. axb4 Rxc2 24. Rxa7 g5
$1 25. Rb7 (25. fxg5 Rc4 $11 {1/2 (35) Erdos,V (2640)-Banusz,T (2580) Heviz
2012}) 25... gxf4 26. exf4 Rc4 27. Rxb5 Rxf4 $11 {1/2 (37) Miton,K (2622)
-Czarnota,P (2545) Warsaw 2012}) 14... Nd5 15. gxf3 ({After} 15. Bd2 Qg5 16. g3
Qh5 {Black's initiative compensates for his material deficit, e.g.} 17. Rfb1
N7f6 18. d7 Nxd7 19. Rxb5 f5 20. Qb3 Rf6 21. Bf1 Rh6 22. h4 Qg4 23. Nxd5 Rxh4
24. Bg2 Bxg2 25. Kxg2 Qh3+ 26. Kf3 Qg4+ 27. Kg2 Qh3+ 28. Kf3 Qg4+ 29. Kg2 {
1/2 (29) Szeberenyi,A (2316)-Juhasz,A (2267) Budapest 2014}) 15... Qg5+ (15...
Nxc3 $143 $6 16. f4 $1 Nf6 17. Qb2 $1 (17. Bb2 $6 Na4 18. Qe2 a6 $5 $15 {
1-0 (29) Sasikiran,K (2680)-Najer,E (2646) Bilbao 2014 CBM 163 [Sasikiran,K]})
17... a6 18. Bd2 Na4 19. Qb1 Nc3 20. Qb2 Na4 21. Qb1 Nc3 22. Qb3 $14 Nfe4 $2
23. Be1 Qf6 24. Kh1 Qf5 25. Bxc3 Nxf2+ 26. Rxf2 Qxd3 27. Rc1 Qxe3 28. Qb2 $18 {
1-0 (48) Ganguly,S (2619)-Zherebukh,Y (2627) Fujairah 2012}) 16. Kh1 Qh5 17.
Be2 $1 $146 {[%mdl 8] This novelty is White's best chance to fight for an
advantage.} (17. Rg1 $2 Rxc3 18. Qe2 Rxd3 $1 19. Qxd3 Qxf3+ 20. Rg2 Nf4 21. Qf1
{1/2 (31) Schreiner,P (2439)-Wallner,J (2380) Austria 2013} Nxg2 22. Qxg2 Qd1+
23. Qg1 Qe2 $17 {[%cal Yf8c8]}) (17. Bxh7+ Kh8 18. Be4 Nxc3 19. Bb2 f5 $1 20.
Bxc3 fxe4 21. Rg1 Qxf3+ 22. Rg2 Nb6 {, and Black is by no means worse.}) 17...
Nxc3 18. Rg1 Nf6 $6 {The knight will be misplaced here in view of e4-e5, and
Black will not be able to take the d6-pawn.} (18... Rfd8 $1 19. e4 (19. Bb2
Nxe2 20. Qxe2 Nf8 21. d5 g6 22. dxe6 Nxe6 23. Rad1 Rc6) 19... e5 {gives Black
more chances to equalise.}) 19. Bb2 Nce4 (19... Nxe2 20. Qxe2 Rfd8 (20... Ne4
21. d7 Rcd8 22. d5 e5 23. Rae1 $1 Nf6 24. Rg3 $16 {[%cal Re2b5,Re1g1]}) 21. e4
$1 {, and Black can't regain the pawn - see annotation to the previous move.})
({or} 19... Na4 20. Qd2 Nxb2 21. Qxb2 {[%cal Ye3e4]}) 20. fxe4 Rxc2 21. Bxh5
Rxb2 22. Bf3 Rxf2 23. Rgf1 Rxf1+ 24. Rxf1 $16 {[%csl Gd6][%mdl 4096] White's
protected passed pawn guarantees him a clear advantage.} e5 $1 {Black must
stop e4-e5.} (24... Rc8 25. e5 Nd5 (25... Nd7 26. Rb1 a6 27. Bb7) 26. Bxd5 exd5
27. Kg2 {[%cal Yg2f3,Ye3e4] , and White should win this rook ending.}) 25. Rc1
$1 {[%cal Gc1c7]} Rd8 26. Rc5 a6 27. Rc6 Ra8 28. dxe5 $6 {Apparently, both
players were convinced that White was forcing a victory; however, they missed
an important detail.} (28. Be2 $142 Kf8 29. Kg2 $16) 28... Nd7 29. Bg4 Nxe5 30.
Rc5 Nxg4 $2 {Resignation when the outcome of the game was not yet decided.} (
30... Nd3 $1 31. Rc8+ (31. Rc3 $2 Nf2+ 32. Kg2 Nxe4) (31. Rc7 Kf8) 31... Rxc8
32. Bxc8 Kf8 33. Bxa6 Nf2+ 34. Kg2 Nxe4 35. d7 Ke7 36. Bxb5 {, and it is
unclear whether White can win this ending.}) 31. d7 Rd8 32. Rc8 Kf8 33. Rxd8+
Ke7 34. Rf8 Kxd7 35. Rxf7+ Ke6 36. Rxg7 Nxe3 37. Rxh7 1-0

[Event "WchT 7th"]
[Site "Bursa"]
[Date "2010.01.06"]
[Round "2.1"]
[White "Aronian, Levon"]
[Black "Gelfand, Boris"]
[Result "1-0"]
[WhiteElo "2781"]
[BlackElo "2761"]
[Annotator "Krasenkow,M"]
[PlyCount "81"]
[EventDate "2010.01.05"]
[EventType "team-tourn"]
[EventRounds "9"]
[EventCountry "TUR"]
[SourceTitle "CBM 134"]
[Source "ChessBase"]
[SourceDate "2010.01.18"]
[SourceVersion "1"]
[SourceVersionDate "2010.01.18"]
[SourceQuality "1"]
[WhiteTeam "Armenia"]
[BlackTeam "Israel"]
[WhiteTeamCountry "ARM"]
[BlackTeamCountry "ISR"]

1. d4 d5 2. c4 c6 3. Nf3 Nf6 4. Nc3 e6 5. e3 Nbd7 6. Qc2 Bd6 7. Bd3 O-O 8. O-O
dxc4 9. Bxc4 a6 10. Rd1 b5 11. Bf1 (11. Be2 {is the main line but the text
move may well become popular after the present game}) (11. Bd3 {is also
possible.}) 11... c5 $1 12. a4 (12. dxc5 Bxc5 13. Ng5 (13. Ne4 Nxe4 14. Qxe4
Nf6 $1 {- that's why 11.Bf1 is considered less accurate than 11.Be2! -} 15. Qc2
Qb6 16. a4 Bb7 17. axb5 axb5 18. Bd2 Be4 $11 {1/2 Hansen,C (2610)-Ivanchuk,V 
(2704)/Malmo 2003/CBM 095 (24)}) 13... Qb6 $1 (13... Bb7 $143 14. Nce4 Nxe4 15.
Nxe4 Be7 16. Nd6 Bd5 17. e4 Bxd6 18. exd5 Rc8 19. Qe2 exd5 20. Rxd5 Nf6 21. Rd3
$14 {1-0 Karpov,A (2725)-Polgar,Z (2530)/Madrid 1992/CBM 030/[Ftacnik] (57)})
14. Nce4 Be7 15. Nxf6+ Nxf6 16. Bd3 h6 17. Nh7 {1/2 Shariyazdanov,A (2594)
-Zakharstov,V (2484)/Elista 2001/CBM 083}) 12... b4 13. Ne4 Nxe4 14. Qxe4 Rb8
15. Qd3 $146 (15. b3 $6 Bb7 16. Qd3 cxd4 17. exd4 Qa5 $15 {0-1 Saladen,R (2287)
-Abreu Delgado,A (2488)/Cali 2001/CBM 083 ext (35)}) 15... cxd4 $6 {A
premature exchange.} (15... Bb7 $5 16. e4 (16. dxc5 Bxf3 17. gxf3 Qg5+ 18. Bg2
Nxc5 $1 19. Qxd6 $140 $2 Rbd8 20. e4 Qf6) 16... c4 $1 17. Qxc4 Bxe4 18. Bg5 Nf6
19. Qxa6 Bxf3 20. gxf3 Ra8 $44) (15... Qc7 $5 {S.Zagrebelny}) 16. Qxd4 Be7 17.
Qf4 Bf6 18. a5 $1 {[%csl Ra6,Rb4]} Qe7 19. e4 e5 20. Qe3 $14 Nc5 $6 (20... Rd8
21. Bc4 Nf8 $14) 21. Rd5 $1 Ne6 (21... Nd7 22. Bd2 $16) 22. Nxe5 Bb7 23. Nd7 $1
(23. Ng4 Bxd5 24. exd5 Nd4 25. Bxa6 $14 {S,Zagrebelny}) 23... Bxd5 24. Nxf8 Ba8
(24... Bb7 25. Nxe6 Qxe6 26. Qa7 $1 $16) 25. Nxe6 Qxe6 {White has won a pawn
but is yet to complete his development.} 26. Qa7 (26. e5 $142 $1 $16 {S.
Zagrebelny} Bxe5 $140 27. f4 Bf6 28. Qxe6 fxe6 29. Bxa6 Rd8 30. Be2) 26... Rd8
$132 27. Be3 $1 {White gives up his material advantage but his passed a-pawn
will be very strong.} Bxe4 (27... Bxb2 28. Rd1 $1) 28. Re1 Bxb2 29. Qb6 $1 {
[%mdl 2048]} (29. Bb6 Ra8 30. Qxa8+ Bxa8 31. Rxe6 fxe6 32. Bxa6 Bd5 33. Bd3 Kf7
{is hardly winning for White.}) 29... Rc8 (29... Qf6 30. Bc5 $1) 30. Bf4 $1 (
30. Bxa6 $6 Qg4) 30... g5 $5 {Desperation.} 31. Bg3 $6 {A mystery.} ({Why not} 
31. Bxg5 $16 {?}) 31... b3 $5 {Very creative but hardly effective.} 32. Re3 $2
{This move gives away White's whole advantage.} (32. Qxe6 fxe6 33. Rxe4 {
was quite good:} Bf6 34. Re1 b2 35. Bd3 Rc1 36. Rf1 {and then the white
dark-squared bishop will push the black rook back, e.g.} Bc3 37. Bc7 $1 h6 (
37... Be1 38. Be5 $1 b1=Q 39. Bxb1 Rxb1 40. Bc3 $18) 38. Bb6 e5 $1 39. Be3 Be1
40. g3 $16 {followed by Kg2, f4 etc.}) 32... Bf6 (32... Qd5 {[%cal Rc8c1] was
a simpler equalizer:} 33. Qxb3 Qxb3 34. Rxb3 Bf6 35. Bxa6 Rc5 36. Ra3 (36. Bb5
$2 Bd5 37. Rb1 Ba2 38. Rb4 Bc3) 36... Bb2 37. Rb3 Bf6 $11) 33. Rxe4 Qxe4 34.
Qxf6 Qg6 $2 {It was essential to prevent Bg3-e5:} (34... Re8 $1 35. Qxg5+ Qg6
36. Qd2 Qf6 $11 {S.Zagrebelny}) 35. Qd4 h6 36. Be5 $1 {White now controls
everything and brings his advantage home.} Re8 37. h4 Qf5 38. Bh8 Qh7 39. Qd7
Qe4 40. Bc3 gxh4 41. Bd3 1-0

[Event "Candidates Tournament"]
[Site "Moscow"]
[Date "2016.03.15"]
[Round "4"]
[White "Nakamura, Hikaru"]
[Black "Giri, Anish"]
[Result "1/2-1/2"]
[WhiteElo "2790"]
[BlackElo "2793"]
[Annotator "Krasenkow,M"]
[PlyCount "63"]
[EventDate "2016.03.11"]
[EventType "tourn"]
[EventRounds "14"]
[EventCountry "RUS"]
[EventCategory "22"]
[SourceTitle "CBM 172"]
[Source "ChessBase"]
[SourceDate "2016.05.12"]
[SourceVersion "1"]
[SourceVersionDate "2016.05.12"]
[SourceQuality "1"]

1. d4 d5 2. c4 c6 3. Nc3 Nf6 4. e3 e6 5. Nf3 Nbd7 6. Qc2 Bd6 7. Be2 O-O 8. O-O
dxc4 9. Bxc4 b5 10. Be2 Bb7 11. e4 e5 12. dxe5 Nxe5 13. Nd4 Neg4 14. g3 Re8 (
14... g6 15. Nb3 a5 16. h3 Ne5 17. f4 Nc4 18. e5 a4 19. Bxc4 bxc4 20. Nd2 Bc5+
21. Kh2 Nd5 22. Nde4 Bd4 23. Nxd5 cxd5 24. Nf6+ Kh8 25. Qd2 $16 {1-0 (53)
Bluebaum,M (2580)-Loiseau,Q (2419) Khanty-Mansiysk 2015}) (14... Bxg3 15. hxg3
Qxd4 16. Qd1 $1 Qxd1 17. Rxd1 {gives White excellent compensation for the pawn
in the endgame. Here is a typical example:} Rfe8 18. f3 Ne5 19. Be3 a5 20. Rac1
h5 21. b3 a4 22. b4 Bc8 23. Bd4 a3 24. f4 Nc4 25. Bxf6 gxf6 26. Bxc4 bxc4 27.
Rd6 $16 {1/2 (41) Lenic,L (2621)-Grachev,B (2687) Legnica 2013}) (14... Bc5 15.
Nf5 Qb6 (15... Re8 $142 {transposing to the game}) 16. Bxg4 Nxg4 17. b4 $1 Bd4
(17... Bxb4 18. Qb2 Bxc3 19. Qxc3 f6 20. Ba3 $16 {1-0 (54) Khismatullin,D 
(2680)-Ponkratov,P (2610) Izhevsk 2014}) 18. Bb2 Be5 19. Qe2 Nf6 20. Na4 Qc7
21. Nc5 Bc8 22. Nd4 a5 23. a3 Bh3 24. Rfc1 $14 {1-0 (58) Cori,J (2612)-Ankit,R
(2508) Pune 2014}) 15. Nf5 Bc5 16. Bf4 (16. Kg2 Bc8 $5) 16... Qb6 $1 {Both
sides must play actively.} (16... b4 17. Bxg4 Nxg4 18. Na4 Bf8 19. Nc5 Bc8 20.
Rad1 Qa5 21. Nd6 $16 {1-0 (48) Levin,F (2489)-Ashton,A (2395) Gallipoli 2014})
(16... Ne5 17. Rad1 Qb6 18. Kg2 Bb4 19. f3 a6 20. Qb3 Bf8 21. Nd6 $14 {1/2 (21)
Gledura,B (2395)-Fodor,T (2462) Zalakaros 2014}) 17. Kg2 (17. Bxg4 {is not too
promising:} Nxg4 18. Kg2 (18. b4 $6 {is untimely now; Black grabs a pawn
without any risk:} Bxb4 19. Qb2 Bf8 20. Bd6 Bxd6 21. Nxd6 Re6 22. Rad1 Qc7 23.
Qd2 Nf6 24. Rfe1 Ne8 25. Nf5 b4 26. Na4 c5 $17 {1-0 (60) Lingnau,C (2407)
-Schreiner,T (2331) Germany 2015}) (18. Qe2 Nf6 19. e5 Bf8 20. Be3 c5 $1 21.
exf6 Qxf6 22. g4 b4 23. Nd1 g6 24. Ng3 Qc6 25. f3 Ba6 26. Qf2 Bxf1 27. Nxf1 c4
$132 {0-1 (34) Sebenik,M (2511)-Diermair,A (2426) Bad Gleichenberg 2013}) (18.
Rac1 Rad8 19. Nd1 Bf8 20. Nde3 Nxe3 21. Bxe3 c5 22. f3 g6 23. Nh4 Qe6 24. Bxc5
Bxc5+ 25. Qxc5 Qxa2 $11 {1-0 (44) Banusz,T (2585)-Pourramezanali,A (2432)
Dubai 2015}) 18... Rad8 19. f3 Ne5 20. Rad1 Bf8 21. Rxd8 Qxd8 22. Rd1 Qf6 23.
Bxe5 Qxe5 24. Qd2 b4 25. Ne2 c5 $11 {1/2 (34) Onischuk,A (2665)-Sethuraman,S 
(2623) Tsaghkadzor 2015}) 17... g6 (17... Nxf2 {proved insufficient for
equality in the following game:} 18. e5 Nd7 (18... N6g4 19. Ne4 $1 Nxe4 20.
Bxg4 Bf8 21. Bf3 Nc5 22. Be3 $1 Rxe5 23. Bd4 {[%cal Rd4e5,Rb2b4]} Qc7 $8 24.
Bxe5 Qxe5 25. Rad1 $14) 19. b4 $1 Bxb4 20. Rxf2 Nxe5 21. Ne4 (21. Nxg7 c5+ 22.
Kh3 Bc8+ 23. g4 Kxg7 24. Bxe5+ Rxe5 25. Rxf7+ Kxf7 26. Qxh7+ Ke6 27. Qg6+ {
1/2 (33) Wagner,D (2481)-Shirov,A (2685) Germany 2014}) 21... c5 22. Kf1 Bxe4
23. Qxe4 Ng6 24. Qd5 Nxf4 25. Ne7+ Kh8 26. Rxf4 c4 27. Nc6 Bc3 28. Rb1 Rac8 29.
Bf3 $16 {1-0 (75) Giri,A (2768)-Shirov,A (2691) Hoogeveen 2014}) 18. h3 $1 Ne5
$146 {[%mdl 8]} ({The line played in the previous game looks quite decent for
Black:} 18... gxf5 19. hxg4 Bd4 $5 (19... Nxe4 20. gxf5 $14) 20. gxf5 Bxc3 (
20... Nxe4 21. Nxe4 Rxe4 22. f3 $14 {[%cal Yf1h1]}) 21. bxc3 c5 22. f3 Rxe4 23.
Rae1 Rxf4 $1 24. gxf4 Nd5 $44 {1/2 (40) Svane,R (2543)-Shirov,A (2715) Skopje
2015}) {However, the text move is hardly worse.} 19. Nh6+ (19. Bg5 $142 {
but after} Ned7 20. Nh6+ Kg7 21. f4 Bd4 22. Bf3 b4 $1 {Black's position is
satisfactory, e.g.} 23. Ne2 (23. e5 Nd5 24. Nxd5 cxd5 25. Ng4 Rac8 26. Qd2 Rc4
$13) (23. Na4 Qa6 $1 24. Be2 (24. Qb3 c5 25. Qxf7+ Kh8) 24... Qa5 25. Qc4 Rxe4
26. Qxf7+ Kh8 $13) 23... c5 24. Qb3 $1 Rf8 $13 (24... Rxe4 $143 25. Qxf7+ Kh8
26. Nxd4 cxd4 27. Rae1 $1)) 19... Kg7 20. Bg5 Bd4 (20... Ned7 {is not
necessary now.}) 21. Bxf6+ {This knight should be eliminated, otherwise it can
become dangerous, e.g.} (21. f4 Nc4 22. Bxc4 bxc4 23. f5 Nxe4 $1 24. Nxe4 Rxe4
25. fxg6 c5 $17) 21... Kxf6 22. f4 Nc4 23. Bxc4 bxc4 24. f5 $1 {White must
urgently create counterplay. If Black consolidates his position, he will be
clearly better due to his bishop pair and weakness of White's king.} c5 $1 (
24... Kg7 {is risky for Black:} 25. fxg6 fxg6 (25... Kxh6 26. gxf7 $40) 26.
Rf7+ Kxh6 27. Raf1 $1 {[%cal Rc3a4]} (27. Na4 Qa5 28. Qc1+ g5 {[%csl Ra1]})
27... Be3 28. Nd1 $1 Bc8 29. R1f3 $40) 25. fxg6+ Kxg6 26. Nxf7 Rf8 27. Nd5 {
This leads to a perpetual.} (27. Kh2 $143 Rxf7 28. e5+ Kg7 29. Rxf7+ Kxf7 30.
Qxh7+ Ke6 {, and White has no clear draw.}) 27... Qxb2 28. Ne7+ Kg7 29. Nf5+
Kg6 30. Ne7+ Kg7 31. Nf5+ Kg6 32. Ne7+ {The game looks home-cooked, both
players probably followed their analyses (certainly Black did!).} 1/2-1/2